[Event "40th Olympiad Open"]
[Site "Istanbul TUR"]
[Date "2012.08.29"]
[Round "2.77"]
[Board "1"]
[White "Obodchuk, Andrei"]
[Black "Quinonez Centeno, Carlos David"]
[Result "1-0"]
[WhiteTitle "IM"]
[BlackTitle "FM"]
[WhiteElo "2399"]
[BlackElo "2293"]
[WhiteTeam "IPCA"]
[BlackTeam "Guatemala"]
[WhiteFideId "4114310"]
[BlackFideId "7300530"]
[EventDate "2012.08.28"]

1. d4 Nf6 2. c4 e6 3. g3 Bb4+ 4. Bd2 Qe7 5. Nc3 O-O 6. Bg2 d6 7. Qb3 Bxc3 8.
Bxc3 Nbd7 9. Nf3 a5 10. O-O Ne4 11. Be1 e5 12. Qe3 f5 13. dxe5 dxe5 14. Nd2 Nef6
15. Nb1 c6 16. Nc3 Ng4 17. Qc1 h5 18. h3 Nh6 19. Bd2 Nf7 20. Qc2 e4 21. h4 Nde5
22. Na4 Be6 23. c5 g5 24. hxg5 Nxg5 25. Bf4 Ngf7 26. Qc3 Ng6 27. Qe3 Nxf4 28.
Qxf4 Qg5 29. Rfd1 Qxf4 30. gxf4 Rad8 31. b3 Kg7 32. e3 Rxd1+ 33. Rxd1 Rd8 34.
Rxd8 Nxd8 35. f3 exf3 36. Bxf3 Bf7 37. Nb2 Kf6 38. Kf2 Ne6 39. Nd3 Nc7 40. Ne5
Na6 41. Nxf7 Kxf7 42. Bxh5+ Kf6 43. Ke2 Nxc5 44. Bf3 a4 45. bxa4 Nxa4 46. Kd3
Ke6 47. Bg2 Kd6 48. Bh3 Nc5+ 49. Kc4 b5+ 50. Kb4 Nd3+ 51. Kc3 Nc1 52. Bxf5 Nxa2+
53. Kd2 b4 54. e4 Nc3 55. Kd3 c5 56. Bh7 Kc6 57. e5 Nd5 58. Bf5 Nb6 59. Ke4 1-0

[Event "40th Olympiad Open"]
[Site "Istanbul TUR"]
[Date "2012.08.29"]
[Round "2.77"]
[Board "2"]
[White "Juarez Flores, Carlos A."]
[Black "Yarmonov, Igor"]
[Result "1-0"]
[WhiteTitle "IM"]
[BlackTitle "IM"]
[WhiteElo "2349"]
[BlackElo "2333"]
[WhiteTeam "Guatemala"]
[BlackTeam "IPCA"]
[WhiteFideId "7300018"]
[BlackFideId "14114496"]
[EventDate "2012.08.28"]

1. e4 e5 2. Nf3 Nc6 3. Nc3 Nf6 4. Bb5 Bc5 5. O-O d6 6. d4 exd4 7. Nxd4 Bd7 8.
Bxc6 bxc6 9. Bg5 Qe7 10. Nf5 Bxf5 11. exf5 O-O-O 12. Re1 Qd7 13. Bxf6 gxf6 14.
Qd3 d5 15. b4 Bd6 16. Kh1 Kb7 17. b5 Bc5 18. Rab1 Ka8 19. bxc6 Qxc6 20. Nb5 Bb6
21. Re7 Rd7 22. Re2 Rhd8 23. c3 Qc4 24. Qf3 c6 25. Rb4 Qc5 26. Nd4 Re7 27. g3
Rde8 28. Reb2 Rc8 29. Qd3 Qa5 30. a4 Re4 31. Kg2 Bxd4 32. cxd4 c5 33. Rb7 Qxa4
34. Qb1 Ree8 35. Rxf7 Rb8 36. Rbb7 Qa6 37. Qb5 Rxb7 38. Qxa6 1-0

[Event "40th Olympiad Open"]
[Site "Istanbul TUR"]
[Date "2012.08.29"]
[Round "2.77"]
[Board "3"]
[White "Valenta, Vit"]
[Black "Garcia, Douglas"]
[Result "1-0"]
[WhiteElo "2162"]
[BlackElo "2180"]
[WhiteTeam "IPCA"]
[BlackTeam "Guatemala"]
[WhiteFideId "307440"]
[BlackFideId "7300077"]
[EventDate "2012.08.28"]

1. e4 e6 2. d4 d5 3. Nc3 dxe4 4. Nxe4 Nd7 5. Nf3 Ngf6 6. Bg5 Be7 7. Nxf6+ Nxf6
8. Bd3 O-O 9. O-O Nd5 10. Bxe7 Qxe7 11. c3 b6 12. Ne5 Bb7 13. Qh5 g6 14. Qh6
Rad8 15. Rae1 Qf6 16. f4 Qg7 17. Qh4 Nf6 18. Bc2 c5 19. dxc5 bxc5 20. Rd1 Nd5
21. Be4 f6 22. Nf3 Qc7 23. Rfe1 Rb8 24. g3 f5 25. Bxd5 Bxd5 26. Rxd5 Qc6 27. Ng5
Rb7 28. Rd2 Re8 29. Qh3 Qa6 30. Qg2 Rc7 31. a3 c4 32. Rde2 Rce7 33. Nf3 Rb8 34.
Nd4 Rb6 35. Qa8+ Kg7 36. Qd8 Kf7 37. Qh8 h5 38. Nf3 Re8 39. Qh7+ Kf6 40. Ne5 1-0

[Event "40th Olympiad Open"]
[Site "Istanbul TUR"]
[Date "2012.08.29"]
[Round "2.77"]
[Board "4"]
[White "Galvez Dastin, Eduardo"]
[Black "Mikheev, Stanislav"]
[Result "0-1"]
[BlackTitle "IM"]
[WhiteElo "2160"]
[BlackElo "2244"]
[WhiteTeam "Guatemala"]
[BlackTeam "IPCA"]
[WhiteFideId "7300310"]
[BlackFideId "4135920"]
[EventDate "2012.08.28"]

1. d4 Nf6 2. c4 g6 3. Nc3 d5 4. cxd5 Nxd5 5. Na4 e5 6. dxe5 Bb4+ 7. Bd2 Ne3 8.
fxe3 Bxd2+ 9. Qxd2 Qh4+ 10. g3 Qxa4 11. Qd4 Qa5+ 12. b4 Qb6 13. e6 O-O 14. exf7+
Rxf7 15. Bg2 Be6 16. Nf3 Rd7 17. Qc3 Nc6 18. a3 Re8 19. Ng5 Bf5 20. g4 Rxe3 21.
Qc4+ Be6 22. Nxe6 Ne5 23. Qa2 Nd3+ 24. Kf1 Rf7+ 25. Bf3 Rexf3+ 26. exf3 Rxf3+
27. Ke2 Qf2+ 28. Kd1 Nb2+ 29. Kc1 Rc3+ 0-1

[Event "40th Olympiad Open"]
[Site "Istanbul TUR"]
[Date "2012.08.30"]
[Round "3.1"]
[Board "1"]
[White "Ftacnik, Lubomir"]
[Black "Kurajica, Bojan"]
[Result "0-1"]
[WhiteTitle "GM"]
[BlackTitle "GM"]
[WhiteElo "2532"]
[BlackElo "2551"]
[WhiteTeam "Slovakia"]
[BlackTeam "Bosnia & Herzegovina"]
[WhiteFideId "14900017"]
[BlackFideId "14400057"]
[EventDate "2012.08.28"]

1. Nf3 Nf6 2. c4 e6 3. g3 a6 4. b3 b5 5. Nc3 d5 6. cxd5 exd5 7. d4 b4 8. Na4 Bd6
9. Bg2 O-O 10. O-O Nbd7 11. Bf4 Ne4 12. Ne5 Nb6 13. Nc5 Nxc5 14. dxc5 Bxc5 15.
Rc1 Bd6 16. Nc6 Qf6 17. Bxd6 Qxd6 18. Bxd5 Bg4 19. Bf3 Bxf3 20. exf3 Qf6 21. Re1
a5 22. f4 g6 23. Ne7+ Kg7 24. Rxc7 Rad8 25. Qc1 Rd6 26. Qc5 Nd7 27. Qa7 Rd8 28.
Kg2 Nf8 29. Nc8 Re6 30. Rec1 Qf5 31. Nb6 Re2 32. Rxf7+ Qxf7 33. Rc7 Nd7 34. Nxd7
Qd5+ 35. Kf1 Re7 36. Ne5 Qh1+ 37. Ke2 Qd1+ 38. Ke3 Qd3# 0-1

[Event "40th Olympiad Open"]
[Site "Istanbul TUR"]
[Date "2012.08.30"]
[Round "3.1"]
[Board "2"]
[White "Dizdarevic, Emir"]
[Black "Petrik, Tomas"]
[Result "1/2-1/2"]
[WhiteTitle "GM"]
[BlackTitle "GM"]
[WhiteElo "2499"]
[BlackElo "2529"]
[WhiteTeam "Bosnia & Herzegovina"]
[BlackTeam "Slovakia"]
[WhiteFideId "14400049"]
[BlackFideId "14901625"]
[EventDate "2012.08.28"]

1. Nf3 Nf6 2. g3 b6 3. Bg2 Bb7 4. c4 c5 5. O-O e6 6. Nc3 Be7 7. d4 cxd4 8. Qxd4
d6 9. Bg5 a6 10. Bxf6 Bxf6 11. Qf4 Bxf3 12. Qxf3 Ra7 13. Rfd1 O-O 14. Ne4 Be7
15. a4 Rd7 16. b3 Qc7 17. Rab1 Rc8 18. e3 Nc6 19. Qe2 Nb4 20. Nc3 d5 21. Na2
dxc4 22. Nxb4 Bxb4 23. Qxc4 Rxd1+ 24. Rxd1 Qxc4 25. bxc4 Kf8 26. Bb7 Rxc4 27.
Bxa6 Rc2 28. h4 Bd2 29. Kf1 Rc1 30. Rxc1 Bxc1 31. Ke2 1/2-1/2

[Event "40th Olympiad Open"]
[Site "Istanbul TUR"]
[Date "2012.08.30"]
[Round "3.1"]
[Board "3"]
[White "Michalik, Peter"]
[Black "Stojanovic, Dalibor"]
[Result "1-0"]
[WhiteTitle "GM"]
[BlackTitle "IM"]
[WhiteElo "2508"]
[BlackElo "2495"]
[WhiteTeam "Slovakia"]
[BlackTeam "Bosnia & Herzegovina"]
[WhiteFideId "14907526"]
[BlackFideId "922692"]
[EventDate "2012.08.28"]

1. d4 d5 2. c4 c6 3. Nf3 Nf6 4. e3 Bg4 5. h3 Bxf3 6. Qxf3 e6 7. Nc3 Nbd7 8. Bd3
Bb4 9. O-O O-O 10. cxd5 cxd5 11. Bd2 Rc8 12. Rfc1 Nb6 13. Qe2 Qe7 14. a3 Bd6 15.
Nb5 Rxc1+ 16. Rxc1 Nc8 17. Ba5 b6 18. Be1 Qd7 19. Nxd6 Nxd6 20. Ba6 Rb8 21. b3
Nfe8 22. Qc2 Nb5 23. f3 Rd8 24. Qc6 Qxc6 25. Rxc6 Nbc7 26. Bd3 f6 27. g4 Kf7 28.
Bg3 Rd7 29. h4 g6 30. Kg2 Ke7 31. g5 f5 32. Be5 Kd8 33. h5 Rf7 34. Rc1 gxh5 35.
Kg3 Kd7 36. Kh4 Nd6 37. f4 Nce8 38. Be2 Rf8 39. a4 Nc7 40. Kxh5 Rf7 41. Kh6 Nce8
42. Bb5+ Nxb5 43. axb5 Kd8 44. Rc6 Kd7 45. Bb8 1-0

[Event "40th Olympiad Open"]
[Site "Istanbul TUR"]
[Date "2012.08.30"]
[Round "3.3"]
[Board "3"]
[White "Rodgaard, John"]
[Black "Mamedov, Rauf"]
[Result "0-1"]
[WhiteTitle "IM"]
[BlackTitle "GM"]
[WhiteElo "2354"]
[BlackElo "2634"]
[WhiteTeam "Faroe Islands"]
[BlackTeam "Azerbaijan"]
[WhiteFideId "7200013"]
[BlackFideId "13401653"]
[EventDate "2012.08.28"]

1. c4 e5 2. Nc3 Nc6 3. e3 Nf6 4. Nf3 Bb4 5. Qc2 O-O 6. d3 d5 7. cxd5 Nxd5 8. Be2
Be7 9. a3 Kh8 10. Nxd5 Qxd5 11. b4 Bg4 12. Bb2 a5 13. h3 Bh5 14. b5 Bxf3 15.
Bxf3 Qxb5 16. Ke2 a4 17. Rhb1 Rad8 18. Bxc6 bxc6 19. Bc3 Qd5 20. e4 Qd6 21. Rd1
Ra8 22. Rdc1 c5 23. Bd2 f5 24. Be3 Qg6 25. Kf1 f4 26. Bxc5 Bxc5 27. Qxc5 f3 28.
g3 Qe6 29. Ke1 Rad8 30. Kd2 Qb3 31. Qc3 Qb6 32. Ke1 Qe6 33. h4 h6 34. Rd1 Rd4
35. Rac1 Rfd8 36. Kd2 Rxe4 37. Re1 Red4 38. Re3 e4 39. Qxc7 Rxd3+ 40. Rxd3 Rxd3+
41. Ke1 Kh7 42. Qc4 Qe5 43. Qxa4 Rc3 44. Qd1 e3 45. Ra1 Qa5 46. Qb1+ Rc2+ 47.
Kf1 Qf5 0-1

[Event "40th Olympiad Open"]
[Site "Istanbul TUR"]
[Date "2012.08.30"]
[Round "3.3"]
[Board "4"]
[White "Guseinov, Gadir"]
[Black "Andreasen, Joan Hendrik"]
[Result "1-0"]
[WhiteTitle "GM"]
[WhiteElo "2613"]
[BlackElo "2260"]
[WhiteTeam "Azerbaijan"]
[BlackTeam "Faroe Islands"]
[WhiteFideId "13401378"]
[BlackFideId "7200110"]
[EventDate "2012.08.28"]

1. e4 e6 2. d4 d5 3. Nc3 Nf6 4. Bg5 Bb4 5. e5 h6 6. Bd2 Bxc3 7. bxc3 Ne4 8. Qg4
g6 9. Qf4 c5 10. Bd3 Nxd2 11. Qxd2 Nc6 12. Nf3 Qa5 13. dxc5 Qxc5 14. Rb1 Na5 15.
Rb4 Bd7 16. Rh4 h5 17. O-O Bb5 18. Ng5 Bxd3 19. cxd3 Rc8 20. Rf4 Rc7 21. Rf6 Re7
22. Qf4 Qc7 23. c4 Nc6 24. cxd5 exd5 25. d4 O-O 26. Rc1 Qb6 27. Nf3 Kg7 28.
Rfxc6 bxc6 29. Qf6+ Kg8 30. Qxe7 1-0

[Event "40th Olympiad Open"]
[Site "Istanbul TUR"]
[Date "2012.08.30"]
[Round "3.4"]
[Board "4"]
[White "Nikolov, Momchil"]
[Black "Bauer, Christian"]
[Result "1/2-1/2"]
[WhiteTitle "GM"]
[BlackTitle "GM"]
[WhiteElo "2563"]
[BlackElo "2682"]
[WhiteTeam "Bulgaria"]
[BlackTeam "France"]
[WhiteFideId "2905710"]
[BlackFideId "603767"]
[EventDate "2012.08.28"]

1. d4 d6 2. Nf3 Nf6 3. c4 g6 4. Nc3 Bf5 5. Nh4 Bd7 6. e4 Bg7 7. Nf3 O-O 8. Be2
c5 9. d5 e6 10. O-O exd5 11. exd5 Re8 12. h3 Na6 13. Bf4 Ne4 14. Nxe4 Rxe4 15.
Bg3 Bxb2 16. Rb1 Bf6 17. Rxb7 Nb4 18. Bxd6 Nxa2 19. Bd3 Re8 20. Bxc5 Qc8 21.
Rxa7 Qxc5 22. Rxd7 Nb4 23. Rb7 Ra3 24. Rb5 Qd6 25. Bb1 Na6 26. Re1 Rxe1+ 27.
Qxe1 Kg7 28. Qd2 Rc3 29. Bd3 Nc5 30. Bf1 Nb3 31. Qd1 Nc5 32. Qb1 Rxf3 33. gxf3
Bd4 34. Kg2 Qf4 35. Be2 Qg5+ 36. Kh1 Bxf2 37. Qa1+ Kh6 38. Qf1 Bd4 39. Rb1 Qf4
40. Rd1 Be5 41. Qg2 Kg7 42. Kg1 Nb7 43. Qf2 1/2-1/2

[Event "40th Olympiad Open"]
[Site "Istanbul TUR"]
[Date "2012.08.30"]
[Round "3.5"]
[Board "3"]
[White "Short, Nigel D"]
[Black "Quesada Perez, Yuniesky"]
[Result "1-0"]
[WhiteTitle "GM"]
[BlackTitle "GM"]
[WhiteElo "2698"]
[BlackElo "2626"]
[WhiteTeam "England"]
[BlackTeam "Cuba"]
[WhiteFideId "400025"]
[BlackFideId "3504409"]
[EventDate "2012.08.28"]

1. d4 Nf6 2. c4 e6 3. Nc3 Bb4 4. e3 O-O 5. Bd3 d5 6. cxd5 exd5 7. Ne2 Re8 8. Bd2
a5 9. Rc1 Nbd7 10. O-O Bf8 11. f3 c5 12. Bb5 Qb6 13. Kh1 Rd8 14. Be1 cxd4 15.
exd4 Nb8 16. Bh4 Nc6 17. Bxf6 gxf6 18. Qd3 Ne7 19. Ng3 f5 20. f4 Bg7 21. Rcd1
Qg6 22. Ba4 Kh8 23. Qe2 Ng8 24. Nh5 Be6 25. Nxg7 Qxg7 26. Rf3 Ne7 27. Re3 Rg8
28. Bb3 Rad8 29. Rd2 Qg4 30. Qf1 Rg7 31. Na4 Ng8 32. Nc5 Bc8 33. Nd3 Qh5 34. Ne5
f6 35. Nd3 Nh6 36. Rh3 Qg6 37. Rg3 Qf7 38. Rxg7 Qxg7 39. Qf3 b6 40. h3 Qd7 41.
Nf2 Nf7 42. Nd1 a4 43. Bc2 Nd6 44. Ne3 Ne4 45. Bxe4 fxe4 46. Qh5 Qd6 47. Qh6 Rg8
48. Rc2 Bd7 49. a3 Rg6 50. Qh4 Rg8 51. Rc3 Rg6 52. Kg1 Rg8 53. Kf2 Rg6 54. Ke1
Rg8 55. Kd2 Rg7 56. Kc1 Rg8 57. Kb1 Rg6 58. Ka1 Rg8 59. Qf2 Rc8 60. Rxc8+ Bxc8
61. Qc2 Bd7 62. g3 Kg8 63. h4 Kf8 64. Qc3 h5 65. Kb1 Kf7 66. Kc2 Qc6 67. Qxc6
Bxc6 68. Kd2 Kg6 69. f5+ Kh6 70. Kc3 Bb7 71. Kd2 Bc6 72. Ke1 Bb7 73. Kf2 Bc6 74.
g4 Bb7 75. Kg3 Bc6 76. gxh5 Kg7 77. Ng4 Bb5 78. h6+ Kf7 79. Kf4 Bc4 80. h7 Kg7
81. Nxf6 b5 82. h5 1-0

[Event "40th Olympiad Open"]
[Site "Istanbul TUR"]
[Date "2012.08.30"]
[Round "3.5"]
[Board "4"]
[White "Ortiz Suarez, Isan Reynaldo"]
[Black "Howell, David W L"]
[Result "1/2-1/2"]
[WhiteTitle "GM"]
[BlackTitle "GM"]
[WhiteElo "2569"]
[BlackElo "2635"]
[WhiteTeam "Cuba"]
[BlackTeam "England"]
[WhiteFideId "3507165"]
[BlackFideId "410608"]
[EventDate "2012.08.28"]

1. e4 e5 2. Nf3 Nc6 3. Bb5 Nf6 4. d3 d6 5. O-O Bd7 6. c3 a6 7. Ba4 g6 8. Re1 Bg7
9. Nbd2 O-O 10. Nf1 Re8 11. Ng3 b5 12. Bc2 a5 13. h3 a4 14. Be3 d5 15. Qc1 Be6
16. Bh6 dxe4 17. dxe4 Qe7 18. Be3 Red8 19. Ng5 Bd7 20. Rd1 Ne8 21. Nf3 Be6 22.
Ng5 Bd7 23. Bd3 Na5 24. Nf3 Nd6 25. Qc2 f6 26. b3 Qf7 27. Nd2 Be6 28. Rab1 Rdc8
29. f4 Bh6 30. Rf1 c5 31. bxa4 Nac4 32. Nxc4 Nxc4 33. Bc1 exf4 34. Ne2 Na3 35.
Bxa3 c4 36. Nxf4 cxd3 37. Nxd3 Rxa4 38. Bb2 Rxe4 39. Nc5 Rc4 40. Nxe6 Qxe6 41.
Qb3 R8c5 42. Rbe1 Be3+ 43. Kh1 Re5 44. Qd1 Kg7 45. Qd8 Rc8 46. Qd3 Re8 47. a4
bxa4 48. c4 Bd4 49. Rxe5 Bxe5 50. Re1 Qc6 51. Bxe5 Rxe5 52. Rd1 Re7 53. Qd5 Rc7
54. Rd4 Qa6 55. Qb5 Ra7 56. Qe8 a3 57. Rd8 Kh6 58. Qf8+ Kg5 59. h4+ Kh5 60. Rd5+
f5 61. Qd8 Kh6 62. Qf8+ Kh5 63. Qd8 Kh6 64. Qf8+ 1/2-1/2

[Event "40th Olympiad Open"]
[Site "Istanbul TUR"]
[Date "2012.08.30"]
[Round "3.6"]
[Board "4"]
[White "Avrukh, Boris"]
[Black "Eljanov, Pavel"]
[Result "1-0"]
[WhiteTitle "GM"]
[BlackTitle "GM"]
[WhiteElo "2605"]
[BlackElo "2693"]
[WhiteTeam "Israel"]
[BlackTeam "Ukraine"]
[WhiteFideId "2803895"]
[BlackFideId "14102951"]
[EventDate "2012.08.28"]

1. d4 Nf6 2. c4 e6 3. g3 c5 4. d5 exd5 5. cxd5 d6 6. Nc3 g6 7. Bg2 Bg7 8. Nf3
O-O 9. O-O Qe7 10. Bf4 Nbd7 11. a4 Ng4 12. Bg5 f6 13. Bd2 a6 14. Rb1 Nge5 15. b4
Nxf3+ 16. exf3 cxb4 17. Rxb4 f5 18. a5 Qd8 19. Qa4 Nc5 20. Qa3 Bd7 21. Rb6 Qf6
22. Rc1 Rfe8 23. Bf1 Rac8 24. Nd1 Qd4 25. Qa2 Qf6 26. Be3 Qf8 27. Bxc5 Rxc5 28.
Rxc5 dxc5 29. Rxb7 Qd6 30. Ne3 Kh8 31. Rb6 Qe5 32. Qc4 Qa1 33. Qxc5 f4 34. gxf4
Bh3 35. Qc2 Qxa5 36. Qc6 Rc8 37. Bxh3 Rxc6 38. Rb8+ Bf8 39. dxc6 Qc5 40. Rxf8+ 1-0

[Event "40th Olympiad Open"]
[Site "Istanbul TUR"]
[Date "2012.08.30"]
[Round "3.7"]
[Board "4"]
[White "Korneev, Oleg"]
[Black "Petrosian, Tigran L."]
[Result "1/2-1/2"]
[WhiteTitle "GM"]
[BlackTitle "GM"]
[WhiteElo "2581"]
[BlackElo "2661"]
[WhiteTeam "Spain"]
[BlackTeam "Armenia"]
[WhiteFideId "4156803"]
[BlackFideId "13301616"]
[EventDate "2012.08.28"]

1. e4 e5 2. Nf3 Nc6 3. Bb5 Nf6 4. O-O Nxe4 5. d4 Nd6 6. Bxc6 dxc6 7. dxe5 Nf5 8.
Qxd8+ Kxd8 9. Nc3 Ke8 10. h3 h5 11. Rd1 Be7 12. Ne4 Be6 13. Nfg5 Bd5 14. b3 Rd8
15. c4 Bxe4 16. Rxd8+ Bxd8 17. Nxe4 h4 18. Bb2 Be7 19. Rd1 Rh6 20. f4 c5 21. Kf2
Ra6 22. a4 Rg6 23. Rd3 a6 24. Ba3 b6 25. Bb2 Bd8 26. Nd2 Ng3 27. Nf1 Nxf1 28.
Kxf1 b5 29. axb5 axb5 30. Kf2 Ra6 31. cxb5 Ra2 32. Rd2 Ra5 33. Rd3 Ra2 34. Rd2
Ra5 35. Bc1 Rxb5 36. Rd3 f5 37. Be3 Be7 38. Ke2 Kf7 39. Rd7 Ke6 40. Rxc7 Bf8 41.
Rc8 Be7 42. Rc6+ Kd5 43. Rc7 Ke6 44. Bf2 Rxb3 45. Bxc5 Bxc5 46. Rxc5 Rb2+ 47.
Kf3 Rb3+ 48. Kf2 Rb2+ 49. Kf3 1/2-1/2

[Event "40th Olympiad Open"]
[Site "Istanbul TUR"]
[Date "2012.08.30"]
[Round "3.8"]
[Board "3"]
[White "Sebenik, Matej"]
[Black "Gupta, Abhijeet"]
[Result "0-1"]
[WhiteTitle "GM"]
[BlackTitle "GM"]
[WhiteElo "2552"]
[BlackElo "2637"]
[WhiteTeam "Slovenia"]
[BlackTeam "India"]
[WhiteFideId "14602296"]
[BlackFideId "5010608"]
[EventDate "2012.08.28"]

1. d4 Nf6 2. Nf3 g6 3. Bg5 Bg7 4. c3 O-O 5. Nbd2 d5 6. e3 Nbd7 7. Bd3 Re8 8. O-O
e5 9. e4 exd4 10. cxd4 dxe4 11. Nxe4 h6 12. Qb3 Re6 13. Bh4 g5 14. Bxg5 hxg5 15.
Nexg5 Nf8 16. Nxf7 Kxf7 17. Ng5+ Kg8 18. Bc4 Nd5 19. Bxd5 Qxg5 20. Rae1 Qf6 21.
Re3 c6 22. Bxe6+ Bxe6 23. Qxb7 Rd8 24. Qxc6 Qf7 25. b3 Bd5 26. Qc5 Ne6 27. Qa5
Rd7 28. Rfe1 Nxd4 29. Re8+ Kh7 30. Qa6 Nf3+ 0-1

[Event "40th Olympiad Open"]
[Site "Istanbul TUR"]
[Date "2012.08.30"]
[Round "3.11"]
[Board "3"]
[White "Kostenko, Petr"]
[Black "Paragua, Mark"]
[Result "0-1"]
[WhiteTitle "GM"]
[BlackTitle "GM"]
[WhiteElo "2494"]
[BlackElo "2508"]
[WhiteTeam "Kazakhstan"]
[BlackTeam "Philippines"]
[WhiteFideId "13700669"]
[BlackFideId "5201241"]
[EventDate "2012.08.28"]

1. e4 c6 2. Nc3 d5 3. Nf3 Bg4 4. h3 Bxf3 5. Qxf3 Nf6 6. d3 e6 7. Bd2 Nbd7 8. g4
h6 9. Qg3 dxe4 10. dxe4 e5 11. O-O-O Qc7 12. h4 Bb4 13. f3 O-O-O 14. Bc4 Nb6 15.
Bd3 Nfd7 16. g5 h5 17. Rhf1 Bxc3 18. Bxc3 Na4 19. Be1 Ndc5 20. Qf2 Rd4 21. b3
Qd6 22. bxa4 Nxa4 23. Qg3 Rd8 24. f4 Qa3+ 25. Kd2 Nc3 26. Qh3+ Kb8 27. fxe5
Rxd3+ 28. cxd3 Qb2+ 0-1

[Event "40th Olympiad Open"]
[Site "Istanbul TUR"]
[Date "2012.08.30"]
[Round "3.11"]
[Board "4"]
[White "Dimakiling, Oliver"]
[Black "Kuderinov, Kirill"]
[Result "1-0"]
[WhiteTitle "IM"]
[BlackTitle "IM"]
[WhiteElo "2428"]
[BlackElo "2484"]
[WhiteTeam "Philippines"]
[BlackTeam "Kazakhstan"]
[WhiteFideId "5202248"]
[BlackFideId "13701568"]
[EventDate "2012.08.28"]

1. Nf3 d5 2. b3 Nf6 3. e3 g6 4. c4 c6 5. h3 Bg7 6. Bb2 O-O 7. Nc3 b6 8. d4 e6 9.
Qc2 Bb7 10. Be2 Nbd7 11. O-O Re8 12. Rad1 Qe7 13. Ne5 Rac8 14. f4 c5 15. Ba3
Nxe5 16. fxe5 Ne4 17. Nxe4 dxe4 18. Rde1 Rf8 19. Bg4 Qg5 20. Qf2 f5 21. exf6
Rxf6 22. Bxe6+ Kh8 23. h4 Qh6 24. Qxf6 Bxf6 25. Rxf6 Rf8 26. Rxf8+ Qxf8 27. d5
Kg7 28. Rf1 Qb8 29. Bb2+ Kh6 30. Bf6 Qe8 31. Rf4 b5 32. g4 Bc8 33. Rxe4 Qf8 34.
Kg2 bxc4 35. bxc4 g5 36. Bxg5+ Kg7 37. Rf4 Qe8 38. Bf6+ 1-0

[Event "40th Olympiad Open"]
[Site "Istanbul TUR"]
[Date "2012.08.30"]
[Round "3.12"]
[Board "2"]
[White "Gerzhoy, Leonid"]
[Black "Felgaer, Ruben"]
[Result "1/2-1/2"]
[WhiteTitle "IM"]
[BlackTitle "GM"]
[WhiteElo "2448"]
[BlackElo "2570"]
[WhiteTeam "Canada"]
[BlackTeam "Argentina"]
[WhiteFideId "2806126"]
[BlackFideId "107069"]
[EventDate "2012.08.28"]

1. d4 d5 2. c4 c6 3. Nf3 Nf6 4. e3 Bg4 5. cxd5 cxd5 6. Nc3 Bxf3 7. Qxf3 Nc6 8.
Bd3 e6 9. O-O Bd6 10. Bd2 O-O 11. Rac1 a6 12. Qh3 g6 13. f4 Rc8 14. g4 h5 15.
gxh5 Nxh5 16. f5 exf5 17. Bxf5 Rb8 18. Kh1 Kg7 19. Qg2 Rh8 20. Bh3 Qh4 21. Be1
Ng3+ 22. Bxg3 Bxg3 23. hxg3 Qxh3+ 24. Qxh3 Rxh3+ 25. Kg2 Rh5 26. Rh1 Rg5 27. Rh4
Re8 28. Kf3 Rf5+ 29. Rf4 Rh5 30. Rh4 Rxh4 31. gxh4 Ne7 32. Nd1 Kf6 33. Rc7 Rb8
34. Nf2 Ke6 35. e4 Kd6 36. Rc1 Rh8 37. e5+ Kd7 38. Nd3 b6 39. Kg4 Nf5 40. Nf4
Rxh4+ 41. Kg5 Rh2 42. Kf6 Rf2 43. e6+ fxe6 44. Nd3 Re2 45. Ne5+ Kd8 46. Nf7+ Kd7
47. Ne5+ Kd8 48. Nf7+ 1/2-1/2

[Event "40th Olympiad Open"]
[Site "Istanbul TUR"]
[Date "2012.08.30"]
[Round "3.15"]
[Board "1"]
[White "Leon Hoyos, Manuel"]
[Black "Djukic, Nikola"]
[Result "1/2-1/2"]
[WhiteTitle "GM"]
[BlackTitle "GM"]
[WhiteElo "2579"]
[BlackElo "2523"]
[WhiteTeam "Mexico"]
[BlackTeam "Montenegro"]
[WhiteFideId "5105269"]
[BlackFideId "922412"]
[EventDate "2012.08.28"]

1. c4 Nf6 2. g3 e6 3. Bg2 d5 4. Nf3 Be7 5. O-O O-O 6. b3 c5 7. Bb2 Nc6 8. e3 b6
9. Nc3 Bb7 10. cxd5 Nxd5 11. Nxd5 Qxd5 12. d4 Na5 13. dxc5 Bxc5 14. Bc3 Be7 15.
Qxd5 Bxd5 16. Bxa5 bxa5 17. Nd4 Bxg2 18. Kxg2 Rac8 19. Rac1 Bc5 20. Rc4 Bxd4 21.
Rxd4 Rfd8 22. Rc1 Kf8 23. Rxd8+ Rxd8 24. Rc7 Rd2 25. a4 Rb2 26. Rb7 a6 27. g4 g5
28. h3 Kg7 29. Rb6 Kg6 30. Kf3 h5 31. Rxa6 hxg4+ 32. hxg4 Rxb3 33. Rxa5 Rb4 34.
Ra6 Kg7 35. a5 Ra4 36. Ra7 Kg6 37. Ra8 Kg7 38. a6 Ra2 39. Kg3 Ra3 40. Kg2 Ra2
41. Kf3 Ra4 42. Kg3 Ra3 43. Ra7 Kg6 44. Kg2 Ra2 45. Kf1 Ra1+ 46. Ke2 Ra2+ 47.
Kd3 Rxf2 48. Re7 Ra2 49. a7 Kf6 50. Rd7 Kg6 51. Re7 Kf6 52. Rc7 Kg6 53. e4 Kf6
54. Kd4 Ra4+ 55. Kc5 Ke5 56. Rxf7 Kxe4 57. Kb6 Ra1 58. Rf8 e5 59. a8=Q+ Rxa8 60.
Rxa8 Kf3 61. Kc5 Kxg4 62. Kd5 Kf4 63. Ra4+ Kf5 64. Ra1 Kf4 65. Rf1+ Ke3 66. Re1+
Kf3 67. Kxe5 g4 68. Rf1+ Ke3 69. Rg1 Kf3 70. Rf1+ Ke3 71. Ra1 g3 72. Ra3+ Kf2
73. Kf4 g2 74. Ra2+ Kg1 75. Ra8 Kf2 76. Ra2+ Kg1 77. Ra5 Kf2 78. Ra2+ 1/2-1/2

[Event "40th Olympiad Open"]
[Site "Istanbul TUR"]
[Date "2012.08.30"]
[Round "3.15"]
[Board "2"]
[White "Blagojevic, Dragisa"]
[Black "Gonzalez Zamora, Juan Carlos"]
[Result "1-0"]
[WhiteTitle "GM"]
[BlackTitle "GM"]
[WhiteElo "2514"]
[BlackElo "2553"]
[WhiteTeam "Montenegro"]
[BlackTeam "Mexico"]
[WhiteFideId "900885"]
[BlackFideId "3507548"]
[EventDate "2012.08.28"]

1. d4 Nf6 2. c4 g6 3. Nf3 Bg7 4. g3 O-O 5. Bg2 d6 6. O-O Nbd7 7. Nc3 a6 8. e4 c5
9. h3 Rb8 10. Be3 cxd4 11. Nxd4 Nc5 12. Rc1 Bd7 13. b4 Ne6 14. Nb3 b6 15. Qd2
Be8 16. Rfe1 Nd7 17. Nd5 Kh8 18. f4 Rg8 19. Kh2 Nc7 20. Qf2 a5 21. Nxc7 Qxc7 22.
bxa5 bxa5 23. c5 dxc5 24. Nxc5 Rb2 25. Re2 Rxe2 26. Qxe2 Nxc5 27. Rxc5 Qd8 28.
Qc4 a4 29. e5 Qd1 30. h4 Rf8 31. Rd5 Qb1 32. Bc5 Bc6 33. Rd2 Bxg2 34. Rxg2 Qb7
35. Qxa4 f6 36. e6 Rd8 37. Qb4 Qc8 38. Bxe7 Rd1 39. Qb3 Re1 40. Rc2 Qa8 41. Rg2
Qc8 42. Rd2 1-0